| 000 | 00678cam a2200229 a 4500 | ||
|---|---|---|---|
| 008 | |||
| 020 | _a0750666765 (pbk.) | ||
| 049 | _aMAIN | ||
| 090 |
_aGV706 _bSPO |
||
| 245 | 0 | 0 |
_aSport management : _bprinciples and applications / _c Russell Hoye... [et.al]. |
| 260 |
_aAmsterdam : _bElsevier, _cc2006. |
||
| 300 |
_aviii, 229 p. : _bill. ; _c25 cm. |
||
| 500 | _aIncludes index. | ||
| 504 | _aIncludes bibliographical references. | ||
| 650 | 0 |
_aSports _xManagement. |
|
| 700 | 1 | _aHoye, Russell. | |
| 907 |
_a.b10281836 _b21-09-10 _c31-08-10 |
||
| 003 | |||
| 005 | 20230123125040.0 | ||
| 040 | _cNUST | ||
| 942 |
_cBOOKS _kGV706 _mSPO |
||
| 999 |
_c134798 _d134798 |
||